हम अपने बच्चों को क्या पढ़ा रहे है ? / (Record no. 120279)

MARC details
000 -LEADER
fixed length control field 01207nam a22002537a 4500
005 - DATE AND TIME OF LATEST TRANSACTION
control field 20170124103155.0
010 ## - LIBRARY OF CONGRESS CONTROL NUMBER
LC control number B-178395
020 ## - INTERNATIONAL STANDARD BOOK NUMBER
Terms of availability 200.00
035 ## - SYSTEM CONTROL NUMBER
System control number B-178395
037 ## - SOURCE OF ACQUISITION
Source of stock number/acquisition Cen Lib/Ret
040 ## - CATALOGING SOURCE
Original cataloging agency DPL
Language of cataloging HN
082 ## - DEWEY DECIMAL CLASSIFICATION NUMBER
Classification number 370.15
Item number बजाज
100 ## - MAIN ENTRY--PERSONAL NAME
Personal name बजाज , सुभाष
9 (RLIN) 89466
245 ## - TITLE STATEMENT
Title हम अपने बच्चों को क्या पढ़ा रहे है ? /
Statement of responsibility, etc सुभाष बजाज
246 ## - VARYING FORM OF TITLE
Title proper/short title Hum apne bachchon ko kya padha rahe hain ?
Remainder of title by Subhash Bajaj
260 ## - PUBLICATION, DISTRIBUTION, ETC. (IMPRINT)
Place of publication, distribution, etc नई दिल्ली
Name of publisher, distributor, etc नारायण प्रकाशन
Date of publication, distribution, etc 2005
270 ## - ADDRESS
Address जे .सी. -10, ए , गुप्ता कॉलोनी मालवीय नगर
City नई दिल्ली
Postal code 110017
300 ## - PHYSICAL DESCRIPTION
Extent 216पृष्ठ.
Dimensions 20सेमी(सजिल्द)
650 ## - SUBJECT ADDED ENTRY--TOPICAL TERM
Topical term or geographic name as entry element सामजिक विज्ञान
9 (RLIN) 89467
650 ## - SUBJECT ADDED ENTRY--TOPICAL TERM
Topical term or geographic name as entry element बच्चों के साथ सम्यक व्यव्हार
9 (RLIN) 89468
650 ## - SUBJECT ADDED ENTRY--TOPICAL TERM
Topical term or geographic name as entry element Social sciences
9 (RLIN) 89469
650 ## - SUBJECT ADDED ENTRY--TOPICAL TERM
Topical term or geographic name as entry element बच्चों के साथ सम्यक व्यव्हार
9 (RLIN) 89470
942 ## - ADDED ENTRY ELEMENTS (KOHA)
Source of classification or shelving scheme Dewey Decimal Classification
Koha item type Hindi Books
Classification part 370.15
Call number suffix बजाज
Holdings
Withdrawn status Lost status Damaged status Not for loan Home library Current library Date acquired Source of acquisition Cost, normal purchase price Total Checkouts Full call number Barcode Date last seen Copy number Cost, replacement price Price effective from Koha item type
        Central Library Central Library 21/09/2015 Cen Lib/Ret 200.00   370.15 बजाज B-178395 21/09/2015 Cen Lib/Ret 200.00 21/09/2015 Hindi Books

© Delhi Public Library
Hit Counter
free hit counter